Orchestrating human-centered design / (رقم التسجيلة. 33382)

تفاصيل مارك
000 -الفاتح
حقل البيانات ثابتة الطول 01583cam a22003617a 4500
001 - رقم الضبط
رقم الضبط 17392408
003 - محدد رقم الضبط
رقم الضبط OSt
005 - وقت وتاريخ اخر تعامل مع التسجيلة
رقم الضبط 20150408114205.0
008 - عناصر البيانات ثابتة الطول - معلومات عامة
حقل البيانات ثابتة الطول 120719s2013 enka b 001 0 eng d
010 ## - رقم ضبط مكتبة الكونجرس
رقم ضبط مكتبة الكونجرس 2012944701
020 ## - الرقم الدولى المعيارى للكتب
الرقم الدولى المعيارى للكتاب 9781447143383
020 ## - الرقم الدولى المعيارى للكتب
الرقم الدولى المعيارى للكتاب 1447143388
035 ## - رقم ضبط النظام
رقم ضبط النظام (OCoLC)ocn798062407
040 ## - مصدر الفهرسة
وكالة الفهرسة الأصلية BTCTA
لغة الفهرسة eng
وكالة النسخ BTCTA
وكالة التعديل YDXCP
-- CDX
-- BWX
-- MFM
-- CFI
-- DLC
042 ## - رمز التحقق
رمز التحقق lccopycat
050 00 - رقم طلب مكتبة الكونجرس
رقم التصنيف QA76.9.H85
رقم المادة B685 2013
082 00 - رقم تصنيف ديوى العشرى
رقم التصنيف 004.21
رقم الطبعة 23
رقم المادة BGO
100 1# - المدخل الرئيسى - إسم شخصى
الإسم الشخصى Boy, Guy A.
9 (RLIN) 42537
245 10 - بيان العنوان
العنوان Orchestrating human-centered design /
بيان المسئوليه,etc Guy Andr�e Boy.
260 ## - PUBLICATION, DISTRIBUTION, ETC. (IMPRINT)
مكان الناشر او الموزع London ;
-- New York :
اسم الناشر او الموزع Springer,
تاريخ النشر أو التوزيع c2013.
300 ## - الوصف المادى
التعداد xv, 211 p. :
تفاصيل ماديه اخرى للوعاء ill. ;
أبعاد الوعاء 25 cm.
504 ## - تبصرة ببليوجرافية
تبصرة ببليوجرافية,الخ Includes bibliographical references and index.
505 0# - تبصرة محتويات-الفهرس
تبصرة المحتويات المصاغة Introduction -- The Orchestra model -- Cognitive engineering -- Life-critical systems -- The making of complex systems -- Organization design and management -- Modeling and simulation -- Advanced interaction media -- Conclusion.
650 #0 - المدخل الاضافى بالموضوع-مصطلح موضوعى
مصطلح موضوعي أو اسم جغرافي كعنصر مدخل User-centered system design.
9 (RLIN) 41790
650 #0 - المدخل الاضافى بالموضوع-مصطلح موضوعى
مصطلح موضوعي أو اسم جغرافي كعنصر مدخل Design
التقسيم الفرعي العام Human factors.
9 (RLIN) 42538
856 42 - الوصول و الموقع الالكترونى
مواد محددة Contributor biographical information
معرف المصدر الموحد <a href="http://www.loc.gov/catdir/enhancements/fy1307/2012944701-b.html">http://www.loc.gov/catdir/enhancements/fy1307/2012944701-b.html</a>
856 42 - الوصول و الموقع الالكترونى
مواد محددة Publisher description
معرف المصدر الموحد <a href="http://www.loc.gov/catdir/enhancements/fy1307/2012944701-d.html">http://www.loc.gov/catdir/enhancements/fy1307/2012944701-d.html</a>
856 41 - الوصول و الموقع الالكترونى
مواد محددة Table of contents only
معرف المصدر الموحد <a href="http://www.loc.gov/catdir/enhancements/fy1307/2012944701-t.html">http://www.loc.gov/catdir/enhancements/fy1307/2012944701-t.html</a>
906 ## - عنصر بيانات محلى F, LDF (RLIN)
a 7
b cbc
c copycat
d 2
e ncip
f 20
g y-gencatlg
942 ## - عناصر المدخل الإضافي( كوها)
مصدر التصنيف او مخطط الترفيف Dewey Decimal Classification
Koha [default] item type DVD
المقتنيات
حالة الفقد نموذج السعر الفعال حالة تلف ليس للاعارة رقم الطلب تاريخ الاكتساب الموقع الحالي الفرع الرئيسي Date last seen نوع المادة فى نظام كوها مصدر التصنيف او خطة الترفيف Total Checkouts
  2014-01-27     004.21 BGO 2014-01-27 المكتبة المركزية بالمجمعة (CL) المكتبة المركزية بالمجمعة (CL) 2014-01-27 كتاب Dewey Decimal Classification